000 00332nam a2200145Ia 4500
005 20240807062638.0
008 240806s9999||||xx |||||||||||||| ||eng||
041 _aeng
100 _aYashpal
245 0 _aSinghavlokan /
_cYashpal
260 _bLok Bharti Prakashan, Allahabad
300 _a547p.
650 _aHindi
942 _cBK
999 _c25248
_d25248